Statistics for Diseases of specific body parts

Click here to take the quiz!

General Stats

  • This quiz has been taken 1,491 times
  • The average score is 11 of 16

Answer Stats

DiseaseBody part% Correct
DermatitisSkin
97%
AnaemiaBlood
94%
OsteoperosisBone
88%
ConjunctivitisEye
87%
HepatitisLiver
86%
AlopeciaHair
83%
GingivitisGums
81%
TinnitusEar
74%
WhiplashNeck
73%
EmphysemaLungs
70%
HydrocephalusBrain
66%
VaricositiesVeins
64%
Chondromalacia patellaeKnee
55%
AtherosclerosisArteries
50%
Krabbe diseaseMyelin
6%
Bornholm diseaseIntercostal muscles
1%

Score Distribution

Percentile by Number Answered

Percent of People with Each Score

Your Score History

You have not taken this quiz